000 00654cam a2200265 4500
001 J856
008 090401t1992 xxu||||| |||| 00| 0 eng d
035 _a(Sirsi) u3377
041 _aeng
050 _a333.33
110 _aHillier Parker Research
_92002
245 _aResidual land values. - July 1992.
260 _aLondon
_bHillier Parker May & Rowden
_c1992
300 _a15p. ; 30cm.
350 _a20
650 _aINDUSTRIAL PROPERTY
650 _aLONDON
650 _aOFFICES
650 _aRESIDENTIAL LAND
650 _aRESIDUAL LAND VALUES
650 _aRETAIL WAREHOUSES
690 _aLAND
942 _n0
948 _c04/03/1997
999 _c85875
_d85875